| 000 | 00768cam2a220021700 4500 | ||
|---|---|---|---|
| 005 | 20190814092356.0 | ||
| 008 | 020220 | ||
| 020 | _a0781715784 | ||
| 035 | _a(Sirsi) a144643 | ||
| 040 | _aCIP | ||
| 050 | 0 |
_aRJ251 _bMan 1997 |
|
| 245 | 1 | 0 |
_aManual of neonatal care / _cedited by John P. Cloherty and Ann R. Stark. |
| 250 | _a4th ed. | ||
| 260 |
_aPhiladelphia, P.A. : _bLippincott Williams and Wilkins, _c1997. |
||
| 350 | _a25 | ||
| 504 | _aincludes bibliographical references and index. | ||
| 650 | 0 |
_aNeonatalogy -- Handbooks,manuals,etc. _xNeonatalogy -- Handbooks,manuals,etc. _6S86821.1 |
|
| 650 | 0 |
_aInfants -- Care _xInfants -- Care _6S11407.1 |
|
| 700 | 0 | 0 |
_aCloherty, John P. _6A115209.1 |
| 700 | 0 | 0 |
_aStark, Ann R. _6A115210.1 |
| 999 |
_c31843 _d31843 |
||